International Encyclopaedia of sports and games / (Record no. 157206)

MARC details
000 -LEADER
fixed length control field 00583nam a22002057a 4500
003 - CONTROL NUMBER IDENTIFIER
control field dpl
005 - DATE AND TIME OF LATEST TRANSACTION
control field 20180908140929.0
008 - FIXED-LENGTH DATA ELEMENTS--GENERAL INFORMATION
fixed length control field 180908b xxu||||| |||| 00| 0 eng d
010 ## - LIBRARY OF CONGRESS CONTROL NUMBER
LC control number A-996530
020 ## - INTERNATIONAL STANDARD BOOK NUMBER
International Standard Book Number 8170997488
035 ## - SYSTEM CONTROL NUMBER
System control number A-996530
040 ## - CATALOGING SOURCE
Original cataloging agency DPL
Language of cataloging EN
Transcribing agency 0
082 ## - DEWEY DECIMAL CLASSIFICATION NUMBER
Classification number 796.3
Item number ASH
100 ## - MAIN ENTRY--PERSONAL NAME
Personal name Ashok Kumar
245 ## - TITLE STATEMENT
Title International Encyclopaedia of sports and games /
Statement of responsibility, etc by Ashok Kumar
260 ## - PUBLICATION, DISTRIBUTION, ETC. (IMPRINT)
Place of publication, distribution, etc New Delhi
Name of publisher, distributor, etc Mittal publication
270 ## - ADDRESS
Address A-110,Mohan Garden
City New Delhi
Postal code 110059
300 ## - PHYSICAL DESCRIPTION
Extent 491p.:
Dimensions 20cm
942 ## - ADDED ENTRY ELEMENTS (KOHA)
Source of classification or shelving scheme Dewey Decimal Classification
Koha item type English Books
Classification part 796.3
Call number suffix ASH
Holdings
Withdrawn status Lost status Source of classification or shelving scheme Materials specified (bound volume or other part) Damaged status Not for loan Collection code Home library Current library Date acquired Source of acquisition Cost, normal purchase price Total Checkouts Full call number Barcode Date last seen Cost, replacement price Price effective from Koha item type
    Dewey Decimal Classification v.2     Non-fiction Patel Nagar Patel Nagar 08/09/2018 BPPD/PUB 0.00   796.3 ASH A-996530 08/09/2018 0.00 08/09/2018 English Books

© Delhi Public Library
Hit Counter
free hit counter